|
|
|
|
| LEADER |
00000nam0a2200000 4500 |
| 001 |
297168 |
| 005 |
20231102001000.0 |
| 020 |
|
|
|a RU
|b 84-37527
|
| 035 |
|
|
|a (RuTPU)RU\TPU\book\322288
|
| 090 |
|
|
|a 297168
|
| 100 |
|
|
|a 20150605d1983 k y0rusy5003 ca
|
| 101 |
0 |
|
|a rus
|
| 102 |
|
|
|a RU
|
| 105 |
|
|
|a a z 001zy
|
| 200 |
1 |
|
|a Синтез комбинированных вантовых систем методом приращений
|f Ю. В. Ким
|
| 210 |
|
|
|a Саратов
|c Изд-во Саратовского ун-та
|d 1983
|
| 215 |
|
|
|a 172 с.
|c ил.
|
| 320 |
|
|
|a Библиогр.: с. 163-169
|
| 606 |
|
|
|a Вантовые системы
|2 stltpush
|3 (RuTPU)RU\TPU\subj\2062
|9 30687
|
| 610 |
1 |
|
|a синтез
|
| 610 |
1 |
|
|a метод приращений
|
| 610 |
1 |
|
|a конструктивные формы
|
| 610 |
1 |
|
|a статический расчет
|
| 610 |
1 |
|
|a проектирование
|
| 610 |
1 |
|
|a функции
|
| 610 |
1 |
|
|a матрицы высокого порядка
|
| 610 |
1 |
|
|a сооружения
|
| 610 |
1 |
|
|a задачи
|
| 675 |
|
|
|a 624.071
|v 3
|
| 700 |
|
1 |
|a Ким
|b Ю. В.
|g Юрий Валентинович
|
| 801 |
|
0 |
|a RU
|b RuMRKP
|c 19950704
|g psbo
|
| 801 |
|
1 |
|a RU
|b 63413507
|c 20150605
|
| 801 |
|
2 |
|a RU
|b 63413507
|c 20180523
|g RCR
|
| 942 |
|
|
|c BK
|